[Event "POL-chT U20"]
[Site "Suchedniow"]
[Date "2016.07.23"]
[Round "1.14"]
[White "Szostko, Jakub"]
[Black "Gazik, Viktor"]
[Result "0-1"]
[WhiteElo "2246"]
[BlackElo "2436"]
[PlyCount "84"]
[EventDate "2016.07.23"]
[EventType "team-tourn"]
[EventRounds "9"]
[EventCountry "POL"]
[SourceTitle "EXT 2019"]
[Source "ChessBase"]
[SourceDate "2018.10.10"]
[SourceVersion "1"]
[SourceVersionDate "2018.10.10"]
[SourceQuality "1"]

1. e4 c5 2. Nf3 d6 3. d4 cxd4 4. Nxd4 Nf6 5. Nc3 a6 6. Bg5 Nbd7 7. Qe2 g6 8. 0-0-0 Bg7 9. Kb1 0-0 10. h4 h6 11. Be3 Ne5 12. f3 b5 13. g4 Nc4 14. Bc1 Bb7 15. h5 e5 16. Nb3 g5 17. Qh2 Re8 18. Bxc4 bxc4 19. Nd2 Rc8 20. Nf1 Bf8 21. Ne3 Rc5 22. Rd2 Qa5 23. Rhd1 Rb8 24. Ka1 Bc6 25. Qe2 Rb4 26. Rxd6 Ne8 27. R6d2 Nc7 28. Ned5 Bxd5 29. exd5 Nb5 30. Nxb5 Rcxb5 31. c3 Ra4 32. a3 Bxa3 33. bxa3 Qxc3+ 34. Rb2 Qxa3+ 35. Kb1 Rab4 36. Qxe5 c3 37. Qe8+ Kg7 38. Qe5+ Kh7 39. Qf5+ Kg8 40. Rxb4 Rxb4+ 41. Kc2 Qb3+ 42. Kd3 c2+ 0-1

[Event "Warsaw Najdorf Memorial op-A 14th"]
[Site "Warsaw"]
[Date "2016.07.13"]
[Round "6"]
[White "Masse, Hugues"]
[Black "Szostko, Jakub"]
[Result "0-1"]
[WhiteElo "2204"]
[BlackElo "2246"]
[PlyCount "92"]
[EventDate "2016.07.08"]
[EventType "swiss"]
[EventRounds "9"]
[EventCountry "POL"]
[SourceTitle "CBM 173 Extra"]
[Source "ChessBase"]
[SourceDate "2016.08.29"]
[SourceVersion "1"]
[SourceVersionDate "2016.08.29"]
[SourceQuality "1"]

1. d4 Nf6 2. c4 g6 3. g3 Bg7 4. Bg2 0-0 5. Nc3 d6 6. Nf3 Nc6 7. 0-0 a6 8. Qd3 e5 9. dxe5 dxe5 10. Qxd8 Rxd8 11. Bg5 Be6 12. Nd2 Nd4 13. Bxf6 Bxf6 14. Nde4 Be7 15. e3 Nc2 16. Rac1 Nb4 17. Nd5 Bxd5 18. cxd5 Nxd5 19. Rfd1 c6 20. Kf1 f5 21. Nd2 Nb4 22. a3 Nd3 23. Rc2 e4 24. Nb3 a5 25. Ke2 Bf6 26. Rdd2 a4 27. Na1 Nxb2 28. Rxb2 Bxb2 29. Rxb2 Rd3 30. Ra2 Rad8 31. f3 exf3+ 32. Bxf3 Rc3 33. Nc2 Kg7 34. Nd4 Re8 35. Nc2 Rb3 36. Ra1 Rb2 37. Kd2 Rd8+ 38. Kc1 Rb3 39. Be2 Kf6 40. Bc4 Rc3 41. Be2 Rd5 42. Ra2 g5 43. Rb2 Rdc5 44. Kd2 Rb3 45. Ra2 Rb1 46. h4 Rd5+ 0-1